00668nam a2200241 a 4500001001300000003000900013005001700022008004100039020001000080082001600090100002600106245001500132260003400147300000800181500003500189505001000224650002000234700002600254902000800280942000700288952011600295999001500411nice12345678IN_TiNIC20260116011404.0050524s1897 boma grp 000 0 per  ac10000a891.53bQAD aQadri, Mohd Khudawand aTooti Nama aBombaybMohammadi Pressc1897 a59p aincludes index and biblioraphy2 aIndex aPersian Fiction1 aQadri, Mohd Khudawand bSRS cBK 001040708StackRoom-aHMIbHMId2007-06-04g100.00l0o891.53 QADp04444r2007-06-04v100.00w2005-05-24yBK c1095d1095